| 000 | 00724nam a2200205 i 4500 | ||
|---|---|---|---|
| 001 | 70265 | ||
| 003 | ES-MaACL | ||
| 005 | 20251017063054.0 | ||
| 007 | t| | ||
| 008 | 040721s1921 sp ||||1| spa d | ||
| 100 | 0 |
_aGarcía del Real, Eduardo, _d1870-1946 _954523 |
|
| 245 | 1 | 0 |
_aHistoria de la medicina en España / _cpor Eduardo García del Real y Alvarez Mijares. |
| 260 |
_aMadrid : _bReus, _c1921. |
||
| 300 |
_a1148 p. ; _c23 cm. |
||
| 490 | 1 |
_aBiblioteca médica de autores españoles y extranjeros ; _v23 |
|
| 650 | 0 | 4 |
_aMedicina- _zEspaña- _vHistoria. _914903 |
| 830 | 0 |
_aBiblioteca médica de autores españoles y extranjeros ; _v23 _9192627 |
|
| 852 |
_aES-MaACL _jE-868 |
||
| 999 |
_c70265 _d70265 |
||